[Event "Madrid ch 2011-2012 Previa A"]
[Site "Madrid ESP"]
[Date "2012.02.21"]
[Round "8.27"]
[White "De Mingo Matias, Jose Andres"]
[Black "Sancho Pascual, Emilio"]
[Result "1-0"]
[WhiteElo "1484"]
[BlackElo "1572"]
[PlyCount "81"]
[EventDate "2012.02.06"]
[EventType "swiss"]
[EventRounds "9"]
[EventCountry "ESP"]
[Source "lmi"]
[SourceDate "2012.02.06"]

1. e4 d5 2. exd5 Qxd5 3. Nf3 Nf6 4. d4 Bg4 5. Be2 e6 6. c4 Qa5+ 7. Bd2 Bb4 8.
Nc3 c6 9. a3 Bxc3 10. Bxc3 Qh5 11. h3 Nbd7 12. O-O Bxf3 13. Bxf3 Qg6 14. Bb4
Nb6 15. Qe2 O-O-O 16. Rfd1 Rhe8 17. Ba5 Rd7 18. Bxb6 axb6 19. Rd2 Rde7 20. Qd1
Rd8 21. Qb3 Red7 22. Qxb6 Ne4 23. Bxe4 Qxe4 24. Rad1 e5 25. d5 Qxc4 26. dxc6
Qxc6 27. Qxc6+ bxc6 28. Rxd7 Rxd7 29. Rxd7 Kxd7 30. Kf1 h5 31. Ke2 Kd6 32. Kd3
f5 33. b4 g5 34. f3 Kd5 35. a4 e4+ 36. fxe4+ fxe4+ 37. Ke3 Kc4 38. b5 cxb5 39.
axb5 Kxb5 40. Kxe4 g4 41. h4 1-0

[Event "Madrid ch 2011-2012 Previa A"]
[Site "Madrid ESP"]
[Date "2012.02.21"]
[Round "8.29"]
[White "Benito Mellado, Humberto"]
[Black "Ojosnegros Martin, Angel"]
[Result "0-1"]
[WhiteElo "1603"]
[BlackElo "1480"]
[PlyCount "86"]
[EventDate "2012.02.06"]
[EventType "swiss"]
[EventRounds "9"]
[EventCountry "ESP"]
[Source "lmi"]
[SourceDate "2012.02.06"]

1. d4 d5 2. c4 e6 3. Nc3 Nf6 4. Bg5 Be7 5. e3 Nbd7 6. Nf3 O-O 7. cxd5 exd5 8.
Be2 b6 9. O-O Bb7 10. Qb3 c5 11. Ne5 Nxe5 12. dxe5 Nd7 13. Bxe7 Qxe7 14. f4 c4
15. Qd1 Qc5 16. Qd4 Rad8 17. Bf3 Kh8 18. Qxc5 Nxc5 19. Nb5 a5 20. Nd6 Ba8 21.
Rfd1 Nd3 22. b3 f6 23. bxc4 Nb4 24. Rab1 fxe5 25. fxe5 Nxa2 26. Rxb6 Nc3 27.
Rd3 d4 28. e4 g6 29. Rxd4 Bxe4 30. Nf7+ Kg7 31. Rxd8 Rxf7 32. Rf6 Ra7 33. Rf4
Bf5 34. c5 a4 35. c6 a3 36. Rxf5 gxf5 37. Rd7+ Rxd7 38. cxd7 a2 39. d8=Q a1=Q+
40. Kf2 Qa7+ 41. Kg3 Ne4+ 42. Kf4 Qf7 43. Qf6+ Nxf6 0-1

[Event "Madrid ch 2011-2012 Previa A"]
[Site "Madrid ESP"]
[Date "2012.02.22"]
[Round "9.1"]
[White "Martinez Montalvo, Eduardo"]
[Black "Ruiz Sanchez, Roberto"]
[Result "1/2-1/2"]
[WhiteElo "1804"]
[BlackElo "1976"]
[PlyCount "119"]
[EventDate "2012.02.06"]
[EventType "swiss"]
[EventRounds "9"]
[EventCountry "ESP"]
[Source "lmi"]
[SourceDate "2012.02.06"]

1. d4 d5 2. e4 dxe4 3. Nc3 Nf6 4. f3 exf3 5. Nxf3 Bg4 6. h3 Bh5 7. g4 Bg6 8.
Ne5 Nfd7 9. Nxg6 hxg6 10. Qf3 c6 11. Bc4 e6 12. Rf1 Qf6 13. Bf4 g5 14. Bd2 Nb6
15. Qd3 Qh6 16. Rf3 N8d7 17. Bb3 Nf6 18. O-O-O O-O-O 19. Qe3 Be7 20. Qxg5 Rxd4
21. Qe5 Rxd2 22. Rxd2 Nfd7 23. Qh5 Qxh5 24. gxh5 Bg5 25. Rxf7 Nc5 26. Rxg7
Bxd2+ 27. Kxd2 Rxh5 28. Rg3 Kc7 29. Ke3 Nxb3 30. axb3 Nd5+ 31. Nxd5+ cxd5 32.
Kf4 e5+ 33. Kg4 Rh6 34. Kg5 Rh8 35. Kf5 e4 36. Ke5 Rh5+ 37. Kd4 b5 38. Kc5 Re5
39. Re3 a6 40. c3 Kd7 41. Kb4 Ke7 42. Kc5 Kf6 43. Kd4 Rf5 44. c4 bxc4 45. bxc4
dxc4 46. Kxe4 Rb5 47. Re2 Re5+ 48. Kf3 Rb5 49. Rg2 Rb3+ 50. Kg4 a5 51. h4 a4
52. h5 c3 53. bxc3 a3 54. Rf2+ Kg7 55. Ra2 Rxc3 56. Kf4 Kh6 57. Ke4 Kxh5 58.
Kd4 Rb3 59. Kc4 Rb2 60. Rxa3 1/2-1/2

[Event "Madrid ch 2011-2012 Previa A"]
[Site "Madrid ESP"]
[Date "2012.02.22"]
[Round "9.2"]
[White "Martos De La Vega, Alvaro"]
[Black "Cano Mercado, Francisco Manuel"]
[Result "1-0"]
[WhiteElo "1935"]
[BlackElo "1865"]
[PlyCount "73"]
[EventDate "2012.02.06"]
[EventType "swiss"]
[EventRounds "9"]
[EventCountry "ESP"]
[Source "lmi"]
[SourceDate "2012.02.06"]

1. d4 Nf6 2. c4 e6 3. g3 d5 4. Bg2 c6 5. Nf3 Nbd7 6. b3 Bb4+ 7. Bd2 Be7 8. O-O
Ne4 9. Bc3 Nxc3 10. Nxc3 O-O 11. Qc2 f5 12. e3 Qe8 13. Ne2 g5 14. Ne5 Bd6 15.
Nxd7 Bxd7 16. f4 g4 17. b4 Qg6 18. Rab1 h5 19. a4 Kg7 20. b5 h4 21. Rfd1 hxg3
22. hxg3 Rh8 23. Kf2 Rh2 24. Rh1 Rah8 25. Rxh2 Rxh2 26. Rh1 Rxh1 27. Bxh1 Qh6
28. Bg2 Kf7 29. Qb3 Ke7 30. bxc6 bxc6 31. Qb7 Ba3 32. a5 c5 33. Qxa7 cxd4 34.
Nxd4 dxc4 35. Nc6+ Kd6 36. Qd4+ Kc7 37. Qb6+ 1-0

[Event "Madrid ch 2011-2012 Previa A"]
[Site "Madrid ESP"]
[Date "2012.02.22"]
[Round "9.4"]
[White "Camarero Izquierdo, Juan Carlos"]
[Black "Garcia-ruiz Fuentes, Angel Marcos"]
[Result "0-1"]
[WhiteElo "1896"]
[BlackElo "1846"]
[PlyCount "68"]
[EventDate "2012.02.06"]
[EventType "swiss"]
[EventRounds "9"]
[EventCountry "ESP"]
[Source "lmi"]
[SourceDate "2012.02.06"]

1. d4 Nf6 2. Nc3 d5 3. Bg5 Nbd7 4. Qd3 c5 5. dxc5 Nxc5 6. Qb5+ Nfd7 7. O-O-O f6
8. Bh4 e6 9. e4 dxe4 10. Qe2 Qc7 11. Bg3 Qc6 12. Qg4 f5 13. Qg5 a6 14. Nh3 g6
15. Bh4 Kf7 16. Nf4 Rg8 17. Bc4 h6 18. Rxd7+ Nxd7 19. Bxe6+ Qxe6 20. Qg3 Qc6
21. Nfd5 g5 22. Qh3 Ne5 23. Bg3 f4 24. Qh5+ Qg6 25. Qd1 Be6 26. Re1 e3 27. Bxf4
gxf4 28. Nxf4 Qg4 29. Qd4 Bg7 30. Rxe3 Nd3+ 31. Qxd3 Qxf4 32. Kb1 Qc4 33. Qd1
Bxc3 34. Rxc3 Qxa2+ 0-1

[Event "Madrid ch 2011-2012 Previa A"]
[Site "Madrid ESP"]
[Date "2012.02.22"]
[Round "9.5"]
[White "Martin-consuegra Barrilero, Fco. Javier"]
[Black "Perez Cameselle, Francisco"]
[Result "1/2-1/2"]
[WhiteElo "1886"]
[BlackElo "1909"]
[PlyCount "87"]
[EventDate "2012.02.06"]
[EventType "swiss"]
[EventRounds "9"]
[EventCountry "ESP"]
[Source "lmi"]
[SourceDate "2012.02.06"]

1. d4 g6 2. e4 d6 3. Nc3 Bg7 4. Be3 Nf6 5. f3 O-O 6. Qd2 Nc6 7. O-O-O e5 8.
Nge2 a6 9. g4 exd4 10. Nxd4 Nxd4 11. Bxd4 Be6 12. Kb1 Qe7 13. g5 Nd7 14. Bxg7
Kxg7 15. h4 f6 16. f4 fxg5 17. hxg5 Qf7 18. Rh4 Kg8 19. Bd3 Qe7 20. Rdh1 Qg7
21. Rxh7 Qxh7 22. Rxh7 Kxh7 23. Qh2+ Kg8 24. f5 gxf5 25. exf5 Bxf5 26. Bc4+ Rf7
27. Bxf7+ Kxf7 28. Qh5+ Bg6 29. Qf3+ Kg7 30. Qxb7 Rf8 31. Qg2 Nc5 32. b3 Ne6
33. Kb2 Rf5 34. Qd2 Rxg5 35. Nd5 Kf7 36. Nxc7 Rc5 37. Nxe6 Rxc2+ 38. Qxc2 Bxc2
39. Ng5+ Kg6 40. Kxc2 Kxg5 41. Kd3 Kf5 42. Kd4 Ke6 43. a3 a5 44. Ke4 1/2-1/2

[Event "Madrid ch 2011-2012 Previa A"]
[Site "Madrid ESP"]
[Date "2012.02.22"]
[Round "9.6"]
[White "Osorio Ramos, Francisco"]
[Black "Morona Minguez, Irene"]
[Result "1/2-1/2"]
[WhiteElo "1848"]
[BlackElo "1901"]
[PlyCount "144"]
[EventDate "2012.02.06"]
[EventType "swiss"]
[EventRounds "9"]
[EventCountry "ESP"]
[Source "lmi"]
[SourceDate "2012.02.06"]

1. d4 Nf6 2. Nf3 g6 3. c4 Bg7 4. g3 d6 5. Bg2 O-O 6. O-O Nbd7 7. Nc3 e5 8. e4
exd4 9. Nxd4 Re8 10. Re1 c6 11. h3 Qb6 12. Nc2 Nc5 13. Rb1 Nh5 14. Be3 Qc7 15.
Bd4 Be5 16. Bxe5 dxe5 17. Qe2 Be6 18. b4 Nd7 19. Ne3 Rad8 20. Rec1 Nb6 21. Rd1
Rd4 22. c5 Nc8 23. Nc2 Rxd1+ 24. Rxd1 Rd8 25. Ne3 Rd4 26. Nc2 Bc4 27. Qe1 Rd7
28. Bf1 Be6 29. Kh2 Qd8 30. Be2 Rxd1 31. Qxd1 Qf6 32. Kg2 Ng7 33. Bg4 h5 34.
Bxe6 Nxe6 35. Qf3 Qe7 36. Qd1 h4 37. Ne2 Ng5 38. Nc3 Ne6 39. Qg4 hxg3 40. fxg3
Qd8 41. Qd1 Qg5 42. Ne2 Kg7 43. Ne1 Qe7 44. Nf3 f6 45. Qc1 Nc7 46. a4 Qe6 47.
Qd2 Qe7 48. Qc3 Ne6 49. h4 Qe8 50. Qd3 b6 51. cxb6 axb6 52. Nc3 Qe7 53. Qc4 Qd7
54. b5 c5 55. Nd5 Nd4 56. Nxd4 exd4 57. Nf4 Nd6 58. Qd5 Qe7 59. Kf3 Qe5 60.
Qxe5 fxe5 61. Nd5 Nc4 62. g4 Kf7 63. Ke2 Ke6 64. Kd1 Nb2+ 65. Kc2 Nxa4 66. Kb3
Nc3 67. Nxb6 Nxb5 68. Kc4 Nd6+ 69. Kd3 Kf7 70. Nc4 Nxc4 71. Kxc4 Kf6 72. Kd3
Kg7 1/2-1/2

[Event "Madrid ch 2011-2012 Previa A"]
[Site "Madrid ESP"]
[Date "2012.02.22"]
[Round "9.9"]
[White "Barroso Barroso, Jorge"]
[Black "Lozano Sanchez, Jose Antonio"]
[Result "1-0"]
[WhiteElo "1740"]
[BlackElo "1894"]
[PlyCount "67"]
[EventDate "2012.02.06"]
[EventType "swiss"]
[EventRounds "9"]
[EventCountry "ESP"]
[Source "lmi"]
[SourceDate "2012.02.06"]

1. e4 e5 2. Nf3 Nc6 3. Bb5 Bc5 4. O-O d6 5. h3 a6 6. Ba4 b5 7. Bb3 Nf6 8. Re1
O-O 9. c3 h6 10. d3 Be6 11. Bc2 Ne7 12. Nbd2 Ng6 13. Nf1 c6 14. d4 Bb6 15. Be3
Qc7 16. Ng3 Rad8 17. Qc1 Qe7 18. Nf5 Bxf5 19. exf5 Nh8 20. dxe5 Nd5 21. Bxb6
Nxb6 22. f6 Qc7 23. fxg7 Kxg7 24. exd6 Rxd6 25. Nd4 Rf6 26. Nf5+ Kh7 27. Nxh6+
Ng6 28. Ng4 Rd6 29. Qh6+ Kg8 30. Ne5 Re6 31. Nxg6 Rxe1+ 32. Rxe1 fxg6 33. Qxg6+
Qg7 34. Bb3+ 1-0

[Event "Madrid ch 2011-2012 Previa A"]
[Site "Madrid ESP"]
[Date "2012.02.22"]
[Round "9.11"]
[White "Fernandez Garcia, Ignacio"]
[Black "Al-zarif Zabala, Bassam"]
[Result "1-0"]
[WhiteElo "1903"]
[BlackElo "1727"]
[PlyCount "42"]
[EventDate "2012.02.06"]
[EventType "swiss"]
[EventRounds "9"]
[EventCountry "ESP"]
[Source "lmi"]
[SourceDate "2012.02.06"]

1. e4 Nf6 2. e5 Nd5 3. Nc3 Nxc3 4. dxc3 Nc6 5. Bf4 d6 6. Nf3 Bd7 7. Bc4 e6 8.
exd6 cxd6 9. Bxd6 Be7 10. Qd2 O-O 11. O-O-O Be8 12. Qf4 Rc8 13. h4 Na5 14. Bd3
Bxd6 15. Bxh7+ Kh8 16. Rxd6 Qc7 17. Bd3 Nc6 18. Rd1 f6 19. Qe4 f5 20. Qxe6 Bf7
21. Qxf5 Bg8 1-0

[Event "Madrid ch 2011-2012 Previa A"]
[Site "Madrid ESP"]
[Date "2012.02.22"]
[Round "9.12"]
[White "Ureña Castellanos, Antonio"]
[Black "Redondo Garcia, Jose Luis"]
[Result "0-1"]
[WhiteElo "1673"]
[BlackElo "1855"]
[PlyCount "144"]
[EventDate "2012.02.06"]
[EventType "swiss"]
[EventRounds "9"]
[EventCountry "ESP"]
[Source "lmi"]
[SourceDate "2012.02.06"]

1. d4 d5 2. Nf3 g6 3. e3 Bg7 4. c4 Nf6 5. Nc3 O-O 6. cxd5 Nxd5 7. Bc4 c6 8. h3
a6 9. a4 Re8 10. O-O e6 11. Rb1 Nd7 12. Be2 N7b6 13. Bd2 Nd7 14. Qc1 e5 15.
dxe5 Nxe5 16. Nxd5 cxd5 17. Rd1 Bf5 18. Ra1 Rc8 19. Bc3 Be4 20. Nd4 Nc6 21. Qd2
Bxd4 22. Bxd4 Nxd4 23. Qxd4 Rc2 24. Bd3 Bxd3 25. Rxd3 Qg5 26. b3 Qf5 27. Rf1
Rb2 28. g4 Qe4 29. Qxe4 dxe4 30. Rc3 Rd8 31. Kg2 Rd3 32. Rfc1 Kg7 33. Kg3 Rxb3
34. Rc4 f5 35. Rc7+ Kf6 36. Rxh7 Rd6 37. gxf5 Kxf5 38. Rc5+ Kf6 39. Kf4 Re6 40.
Rcc7 g5+ 41. Kg4 Rb4 42. Rh6+ Ke5 43. Rxe6+ Kxe6 44. Kxg5 Kd6 45. Rh7 Rxa4 46.
Rxb7 Kc6 47. Rf7 Ra1 48. h4 a5 49. h5 a4 50. Kf4 a3 51. h6 Kb6 52. h7 Rh1 53.
Rf6+ Kb5 54. Rf5+ Kb4 55. Rf7 a2 56. Ra7 Kb3 57. Kxe4 Rxh7 58. Rxa2 Kxa2 59. f4
Kb3 60. f5 Kc4 61. f6 Kc5 62. Ke5 Kc6 63. Ke6 Kc7 64. e4 Kd8 65. e5 Ke8 66. Kd6
Rd7+ 67. Ke6 Ra7 68. Kf5 Ra5 69. Ke6 Ra6+ 70. Kd5 Kf7 71. Ke4 Ke6 72. Kf4 Ra5
0-1

[Event "Madrid ch 2011-2012 Previa A"]
[Site "Madrid ESP"]
[Date "2012.02.22"]
[Round "9.15"]
[White "Corredor Gonzalez, Angel L"]
[Black "Pardiñas Riaño, Emilio"]
[Result "1-0"]
[WhiteElo "1751"]
[BlackElo "1768"]
[PlyCount "57"]
[EventDate "2012.02.06"]
[EventType "swiss"]
[EventRounds "9"]
[EventCountry "ESP"]
[Source "lmi"]
[SourceDate "2012.02.06"]

1. e4 c5 2. Nf3 Nc6 3. d4 cxd4 4. Nxd4 e5 5. Nb5 d6 6. N1c3 a6 7. Na3 h6 8. Nd5
Nf6 9. f3 Be6 10. Nc4 Nd7 11. Be3 Bxd5 12. exd5 Na7 13. c3 Be7 14. Bd3 O-O 15.
O-O Nc8 16. f4 exf4 17. Bxf4 Nf6 18. Bc2 Nb6 19. Ne3 Qc7 20. Qd3 Qc5 21. Bxh6
Nbxd5 22. Bg5 Nxe3 23. Bxe3 Qd5 24. Qe2 Qh5 25. Rf3 Rae8 26. Qd3 Qd5 27. Bd4 g6
28. Bxf6 Qxd3 29. Bxd3 1-0

[Event "Madrid ch 2011-2012 Previa A"]
[Site "Madrid ESP"]
[Date "2012.02.22"]
[Round "9.16"]
[White "Roldan Garcia, Angel"]
[Black "Castro Uceda, Jose Antonio"]
[Result "1-0"]
[WhiteElo "1762"]
[BlackElo "1649"]
[PlyCount "123"]
[EventDate "2012.02.06"]
[EventType "swiss"]
[EventRounds "9"]
[EventCountry "ESP"]
[Source "lmi"]
[SourceDate "2012.02.06"]

1. e4 c5 2. c3 e6 3. d4 cxd4 4. cxd4 d6 5. Nf3 Nf6 6. Bd3 Be7 7. O-O O-O 8. Nc3
a6 9. Re1 b5 10. a3 Bb7 11. Bc2 Nbd7 12. Qd3 e5 13. d5 Nc5 14. Qe2 Bc8 15. b4
Nb7 16. h3 Bd7 17. Bd2 Rc8 18. Rec1 Rc7 19. a4 Qc8 20. Bb3 Nh5 21. Qe3 Nf4 22.
Ne2 Nxe2+ 23. Qxe2 Qb8 24. Rxc7 Qxc7 25. Rc1 Qb8 26. a5 Rc8 27. Rxc8+ Qxc8 28.
Qd3 f5 29. Nxe5 fxe4 30. Qxe4 Bf5 31. Qf3 Bf6 32. Nc6 h6 33. Bc3 Bg5 34. Qg3
Qf8 35. Nd4 Nd8 36. h4 Bf6 37. Nxf5 Bxc3 38. Nxh6+ Kh7 39. Qxc3 Kxh6 40. Bc2
Qf4 41. Qe3 Qxe3 42. fxe3 Nf7 43. Kf2 Ne5 44. Kg3 Nc4 45. Kf4 g6 46. g4 Kg7 47.
e4 Ne5 48. g5 Kf7 49. Ke3 Ng4+ 50. Ke2 Ne5 51. Bd3 Ke7 52. Ke3 Kf7 53. Be2 Kg7
54. Kf4 Kh7 55. Bxb5 axb5 56. a6 Nd7 57. a7 Nb6 58. Ke3 Kg7 59. Kd4 Kf7 60. e5
dxe5+ 61. Kxe5 Na8 62. Kd6 1-0

[Event "Madrid ch 2011-2012 Previa A"]
[Site "Madrid ESP"]
[Date "2012.02.22"]
[Round "9.18"]
[White "Zuazua Conde, Ivan Javier"]
[Black "Martinez Miura, Enrique"]
[Result "0-1"]
[WhiteElo "1498"]
[BlackElo "1670"]
[PlyCount "90"]
[EventDate "2012.02.06"]
[EventType "swiss"]
[EventRounds "9"]
[EventCountry "ESP"]
[Source "lmi"]
[SourceDate "2012.02.06"]

1. d4 e6 2. c4 d5 3. Nc3 Nf6 4. Bg5 Be7 5. e3 O-O 6. Nf3 c6 7. Bd3 Nbd7 8. O-O
h6 9. Bh4 b6 10. Rc1 Bb7 11. Qe2 Ne4 12. Bxe7 Nxc3 13. Rxc3 Qxe7 14. Rfc1 Rac8
15. a3 Qf6 16. cxd5 exd5 17. Ba6 Bxa6 18. Qxa6 Rc7 19. Qe2 Rfc8 20. h3 Qd6 21.
b4 c5 22. bxc5 bxc5 23. dxc5 Rxc5 24. Rxc5 Rxc5 25. Rxc5 Qxc5 26. Qb2 Nb6 27.
Nd2 Nc4 28. Qc3 Qxa3 29. Qxa3 Nxa3 30. Nb3 Nc4 31. Kf1 a5 32. Ke2 Kf8 33. Kd3
Ke7 34. Kd4 a4 35. Na1 Kd6 36. e4 Nb6 37. e5+ Kc6 38. f4 Nc4 39. f5 Nd2 40. g4
Nb3+ 41. Nxb3 axb3 42. Kc3 b2 43. Kxb2 d4 44. Kc2 Kd5 45. Kd3 Kxe5 0-1

[Event "Madrid ch 2011-2012 Previa A"]
[Site "Madrid ESP"]
[Date "2012.02.22"]
[Round "9.19"]
[White "Greppi Gonzalez, Jose Luis"]
[Black "Garcia Lopez, Pedro"]
[Result "1/2-1/2"]
[WhiteElo "1641"]
[BlackElo "1854"]
[PlyCount "117"]
[EventDate "2012.02.06"]
[EventType "swiss"]
[EventRounds "9"]
[EventCountry "ESP"]
[Source "lmi"]
[SourceDate "2012.02.06"]

1. e4 d6 2. Bc4 a6 3. a3 b5 4. Ba2 Nf6 5. d3 h6 6. h3 e5 7. Nc3 Be7 8. Nf3 O-O
9. O-O Be6 10. Nh2 Nc6 11. Be3 Bxa2 12. Nxa2 d5 13. exd5 Nxd5 14. Bd2 f5 15.
Nc3 Bf6 16. Nxd5 Qxd5 17. Re1 Rae8 18. Rb1 a5 19. Qh5 Qf7 20. Qxf7+ Rxf7 21. b4
a4 22. Be3 Rd7 23. Bc5 Nd4 24. Bxd4 Rxd4 25. Nf3 Rd5 26. Kf1 c6 27. Rbd1 Kf7
28. Ng1 g5 29. f3 h5 30. c4 bxc4 31. dxc4 Rxd1 32. Rxd1 e4 33. Rd7+ Ke6 34. Ra7
Bd4 35. Rxa4 Bxg1 36. Kxg1 e3 37. Kf1 Rd8 38. Ra6 Kd7 39. Ra7+ Ke6 40. Rh7 f4
41. Rxh5 Rd1+ 42. Ke2 Rd2+ 43. Kf1 Rf2+ 44. Kg1 Ra2 45. Kf1 Rxa3 46. Rxg5 Rb3
47. b5 cxb5 48. cxb5 Kf6 49. Rc5 Rb1+ 50. Ke2 Rg1 51. b6 Rxg2+ 52. Ke1 Rb2 53.
Rc6+ Ke5 54. h4 Kd5 55. Rf6 Ke5 56. Rg6 Kf5 57. h5 Rb1+ 58. Ke2 Rb2+ 59. Ke1
1/2-1/2

[Event "Madrid ch 2011-2012 Previa A"]
[Site "Madrid ESP"]
[Date "2012.02.22"]
[Round "9.20"]
[White "Martinez Carrasco, Jesus"]
[Black "Fernandez Martinez, Jose"]
[Result "0-1"]
[WhiteElo "1580"]
[BlackElo "1749"]
[PlyCount "118"]
[EventDate "2012.02.06"]
[EventType "swiss"]
[EventRounds "9"]
[EventCountry "ESP"]
[Source "lmi"]
[SourceDate "2012.02.06"]

1. d4 d5 2. c4 e6 3. Nf3 Nf6 4. e3 Nbd7 5. Nc3 c6 6. Qc2 Bd6 7. Bd3 h6 8. O-O
O-O 9. e4 dxe4 10. Nxe4 Nxe4 11. Bxe4 Nf6 12. Bd3 c5 13. dxc5 Bxc5 14. h3 Qc7
15. b3 b6 16. a4 Bb7 17. Be2 Rad8 18. Ba3 Bxa3 19. Rxa3 Qc5 20. Raa1 Rd6 21.
Rad1 Rfd8 22. Rxd6 Rxd6 23. Bd1 Qb4 24. Be2 Be4 25. Qb2 Bd3 26. Rd1 Be4 27.
Rxd6 Qxd6 28. Qd2 Qxd2 29. Nxd2 Bc2 30. f3 Nd7 31. a5 bxa5 32. Kf2 Nc5 33. Ke3
Kf8 34. Kd4 Nxb3+ 35. Nxb3 Bxb3 36. Kc3 Ba4 37. Bd3 Ke7 38. c5 Kd7 39. Be4 Bc6
40. Bd3 Bd5 41. Bb5+ Kc7 42. Kd4 Bc6 43. Bd3 a4 44. Kc3 a5 45. Kd4 f6 46. Bc4
Bd5 47. Bb5 a3 48. Kc3 e5 49. Ba4 Be6 50. Bb5 Bd7 51. Bc4 Kc6 52. Kb3 Kxc5 53.
Bf7 a4+ 54. Kxa3 Kd4 55. Kb4 Bc6 56. Bh5 Ke3 57. Kc3 Kf2 58. Bf7 Kxg2 59. Kd2
Kf2 0-1

[Event "Madrid ch 2011-2012 Previa A"]
[Site "Madrid ESP"]
[Date "2012.02.22"]
[Round "9.21"]
[White "Ballesteros Galvez, Daniel"]
[Black "De Mingo Matias, Jose Andres"]
[Result "1-0"]
[WhiteElo "1733"]
[BlackElo "1484"]
[PlyCount "81"]
[EventDate "2012.02.06"]
[EventType "swiss"]
[EventRounds "9"]
[EventCountry "ESP"]
[Source "lmi"]
[SourceDate "2012.02.06"]

1. e4 c5 2. c3 d5 3. exd5 Qxd5 4. d4 cxd4 5. cxd4 e5 6. Nf3 exd4 7. Qxd4 Qxd4
8. Nxd4 Bb4+ 9. Bd2 Bxd2+ 10. Nxd2 a6 11. Bc4 Nc6 12. Nxc6 bxc6 13. O-O-O Be6
14. Rhe1 Nf6 15. Bxe6 fxe6 16. Rxe6+ Kd7 17. Rde1 Rhe8 18. Rxe8 Rxe8 19. Rxe8
Nxe8 20. Nc4 Nc7 21. Kd2 h6 22. Kd3 Ke6 23. Kd4 Kf5 24. Nd6+ Ke6 25. Nc4 Nd5
26. a3 Nf4 27. Ne3 g5 28. Ke4 Nd5 29. Nxd5 cxd5+ 30. Kd4 Kd6 31. b4 Kc6 32. a4
Kd6 33. b5 a5 34. f3 h5 35. g3 h4 36. gxh4 gxh4 37. f4 Ke6 38. b6 Kd6 39. f5
Kc6 40. f6 Kxb6 41. f7 1-0

[Event "Madrid ch 2011-2012 Previa A"]
[Site "Madrid ESP"]
[Date "2012.02.22"]
[Round "9.22"]
[White "Cortijo Manso, Luis"]
[Black "Lucia Carpintero, Oscar"]
[Result "0-1"]
[WhiteElo "1547"]
[BlackElo "1661"]
[PlyCount "92"]
[EventDate "2012.02.06"]
[EventType "swiss"]
[EventRounds "9"]
[EventCountry "ESP"]
[Source "lmi"]
[SourceDate "2012.02.06"]

1. d4 Nf6 2. Nf3 c5 3. d5 e6 4. c4 exd5 5. cxd5 d6 6. g3 g6 7. Bg2 Bg7 8. O-O
O-O 9. Nc3 Na6 10. e4 Re8 11. Re1 Bg4 12. Bf4 Nh5 13. Bg5 Bxf3 14. Qxf3 Qxg5
15. h4 Qf6 16. Qd3 Qe7 17. a3 Nc7 18. b3 a6 19. a4 Rab8 20. Rac1 b5 21. axb5
axb5 22. Qe2 b4 23. Nb1 Nxd5 24. Qf3 Nc3 25. Nd2 g5 26. Qxh5 gxh4 27. Qxh4 Qxh4
28. gxh4 Bf6 29. h5 Bg5 30. Rc2 Bxd2 31. Rxd2 Nb5 32. Rd5 Re5 33. f4 Rxd5 34.
exd5 Kf8 35. f5 Re8 36. Rxe8+ Kxe8 37. f6 Nd4 38. h6 Kf8 39. Be4 Kg8 40. Kf2
Nxb3 41. Ke2 Nd4+ 42. Kd2 Nb5 43. Kc2 Nc7 44. Kb3 Ne8 45. Kc4 Nxf6 46. Bf3 Kf8
0-1

[Event "Madrid ch 2011-2012 Previa A"]
[Site "Madrid ESP"]
[Date "2012.02.22"]
[Round "9.27"]
[White "Casal Martin, Jose M"]
[Black "Ruiz Castro, Manuel"]
[Result "1/2-1/2"]
[WhiteElo "1486"]
[BlackElo "1735"]
[PlyCount "134"]
[EventDate "2012.02.06"]
[EventType "swiss"]
[EventRounds "9"]
[EventCountry "ESP"]
[Source "lmi"]
[SourceDate "2012.02.06"]

1. e4 c5 2. Nf3 Nc6 3. Nc3 d6 4. d4 cxd4 5. Nxd4 g6 6. g3 Bg7 7. Nxc6 bxc6 8.
Bg2 Bd7 9. Ne2 Rb8 10. c3 Nf6 11. O-O O-O 12. h3 Qc8 13. Kh2 c5 14. Qc2 Bc6 15.
Bg5 Qb7 16. Rab1 Bxe4 17. Bxe4 Nxe4 18. Be3 Nf6 19. f3 Rfe8 20. c4 Qc7 21. Kg2
Rbc8 22. Rbd1 Qb7 23. Kh2 a6 24. b3 a5 25. Nc3 Red8 26. Rd3 Rd7 27. Bc1 Rcd8
28. Rfd1 e6 29. Na4 Qc6 30. Ba3 Bf8 31. Qc3 Bg7 32. Qxa5 Nh5 33. Qb6 Qxb6 34.
Nxb6 Ra7 35. Bxc5 Rxa2+ 36. R1d2 Rxd2+ 37. Rxd2 Bf8 38. Be3 Ng7 39. g4 Be7 40.
Ra2 Ne8 41. Ra7 Bf6 42. Nd7 Bg7 43. g5 e5 44. b4 Rc8 45. c5 dxc5 46. Bxc5 Nc7
47. Rb7 Ne6 48. Rb8 Rxb8 49. Nxb8 f6 50. gxf6 Bxf6 51. Na6 Nxc5 52. bxc5 Kf7
53. c6 Ke7 54. Kg2 Bh4 55. Kf1 Kd6 56. c7 Kd7 57. Ke2 h6 58. Kd3 Be1 59. Kc4 g5
60. Kb5 Bf2 61. Kc4 h5 62. Kd5 Bd4 63. Ke4 h4 64. Kf5 Be3 65. Kxe5 Bf4+ 66. Kf5
Be3 67. Ke5 Bf4+ 1/2-1/2